000 00675nam a2200229Ia 4500
003 OSt
005 20220925195622.0
006 a|||||r|||| 00| 0
007 ta
008 220923b |||||||| |||| 00| 0 eng d
037 _cGeneral Book
040 _aRTL
_cRTL
_beng
041 _2eng
_aeng
082 _aYb4.7376.3C.N8, M4
100 _aBulmer Martin
_991861
245 0 _aChicago school of sociology
_b Institutionalization
260 _aChicago
_bUniversity of Chicago Press
_c1984
300 _axix,285p
_ccm.
490 _aHeritage of sociology
942 _hYb4.7376.3C.N8, M4
_cGB
_2CC
999 _c533646
_d533646